000 00315nam a22001217a 4500
999 _c5450
_d5450
003 DO-SdBJH
005 20190624152950.0
008 190624b ||||| |||| 00| 0 spa d
040 _aDO-SdBJH
_bspa
_cDO-SdBJH
245 _aAcademia Dominicana de la Lengua
260 _aSanto Domingo :1993,IMPPEESA
942 _2ddc
_cBK